000 00308nam a22001097a 4500
008 170104b xxu||||| |||| 00| 0 eng d
020 _a9780721606996
041 _aeng
080 _22nd ed.
_a618.2
245 _aMaternal-Child NURSING
_cMcKinney, E.S & James, S.R & Murray, SH.S & Ashwill, J.W
942 _2udc
_cBK
999 _c2526
_d2526